000 00864 a2200217 4500
005 20080820102318.0
008 080820t xxu||||| |||| 00| 0 eng d
010 _aENG-84776
020 _a8175244054
_c90.00
035 _aEN-68309
037 _bD.B.Act / Pub
082 _a796.42
245 _aAthletics
_cedited and compiled by U. C. Gupta
_bskills and techniques
260 _aNew Delhi
_bKhel Sahitya Kendra
_c2006
270 _a7/26, Ansari Road, Darya Ganj,
_bNew Delhi
_cDelhi
_e110002
_k55190343, 42564726
_l42564726
_mkhelsahitya1@rediffmail.com
300 _a62 p.
_c21 cm (Hb)
650 _aAthletics
700 _aGupta, U. C.
942 _adpl
_cEN
_k796.42 / ATH
_2ddc
_h796.42
_m ATH
999 _c351
_d351